| 000 | 00581nam a22002177a 4500 | ||
|---|---|---|---|
| 001 | 002656 | ||
| 003 | DO-SdBNP | ||
| 005 | 20160629141352.0 | ||
| 007 | 002656 | ||
| 008 | 151207b 1952 nyu ||||| |||| 00| 0 spa d | ||
| 020 | _a139780684801221 | ||
| 040 |
_aBPMSU _bspa _cBPMSU |
||
| 092 |
_axxxxx _bxxxxx |
||
| 100 | 1 |
_aHemingway, Ernest, _d1898-1961 |
|
| 245 |
_aThe old man and the sea / _cErnest Hemingway. |
||
| 260 |
_aNew York, N.Y. : _bScribner, _c1952 |
||
| 300 |
_a127 p. ; _c20 cm. |
||
| 910 | _a | ||
| 942 |
_2ddc _cBK |
||
| 956 |
_a VMATEO _b 10 _220160321 _3BPMSU _600151 |
||
| 999 |
_c9352 _d9352 |
||